000 01106nam a2200481Ia 4500
001 12200
003 23849
005 20241224120611.0
008 ||||||n9999 ||| || ||
041 _aspa
082 _221
_a986.1
100 _aPineros Corpas, Joaquin
_920301
245 0 _aPatria naturaleza
_bdocumentos y mensajes de la Expedicion Botanica
260 _aBogotá :
_bCaja de Credito Agrario,
_c1973.
300 _a356p
562 _e1
650 _aCALDAS, FRANCISCO JOSE DE
_920302
650 _aCOLOMBIA
_920303
650 0 _aExpedición botánica
_920304
650 _aHISTORIA
_920305
650 _aMUTIS, JOSE CELESTINO
_920270
942 _cBKM
999 _c12200
_d12200
526 _a
526 _a17598
526 _a102617
526 _a102618
526 _a15794
526 _a102619
526 _a1703
526 _a102620
526 _a10406
526 _a105630
526 _a1698
526 _a116204
526 _a51868
526 _a4969
526 _a19790
526 _a104436
526 _a5144
526 _a1697
526 _a3899
526 _a9683